| 000 | 00928naa a2200241 a04500 | ||
|---|---|---|---|
| 005 | 20231128063712.0 | ||
| 008 | 991125s1982 mx 000 0 spa u | ||
| 020 | _a9688005984 | ||
| 035 | _aUPN01000000170 | ||
| 049 | _aSEP | ||
| 050 | 4 |
_aLC2631 _bE7 no.29 |
|
| 100 | 1 | _aGodínez Salas, Pedro Martín | |
| 245 | 1 | 0 |
_aAbandono y recuperación de la tierra en Santuario de Mapethe, Hgo. / _cPedro Martín Godínez Salas. |
| 260 |
_aMéxico : _bINI : _bSEP, _c1982. |
||
| 300 | _a213 p., [12] p. láms. | ||
| 440 | 0 |
_aCuadernos de información y divulgación para maestros bilingües. _pEtnolingüística ; _v29 |
|
| 500 | _aA la cabeza de la portada: Programa de formación profesional de etnolingüística. SEP. INI. CIESAS | ||
| 500 | _aTrbajo presentado originalmente como tesis | ||
| 650 | 4 |
_aIndígenas de México _xEducación _910 |
|
| 650 | 4 |
_aOTOMI _919074 |
|
| 650 | 4 |
_aTIERRAS - _xTENENCIA - _zHIDALGO |
|
| 905 | _aLibro | ||
| 999 |
_c170 _d170 |
||